LEADER 01181nam a2200253 4500 001 000000351927 003 CaOOAMICUS 005 20221018170015.0 008 221018s2021 it 000 u ita r 020 $a978-88-511-7264-0 040 $aSeMil$bita 100 1 $aDe Luna, Giovanni,$d<1943- >.$0(OLS)http://semarc/name/6525 245 13$aIl partito della Resistenza :$bstoria del Partito d'Azione, 1942-1947 /$cGiovanni De Luna ; [prefazione di Chiara Colombini]. 264 1$a[S.l.] :$bUTET,$c2021. 300 $aXIX, 481 p. ;$c23 cm 650 4$aPartito d'Azione <1942-1947> - Storia.$0(OLS)http://semarc/subject/53009 650 4$aItalia - Politica - 1942-1947.$0(OLS)http://semarc/subject/53010 700 1 $aColombini, Chiara.$0(OLS)http://semarc/name/116665 850 $aSeMil 852 $aSeMil$W1$xVenegono$y1$m3V III 285$j234878$B243107$CSeMilBibl$Z2$F243107 $81 996 $6020$a978-88-511-7264-0$9(OLS)http://semarc/number/296961 996 $6245$aIl partito della Resistenza :$bstoria del Partito d'Azione, 1942-1947$9(OLS)http://semarc/title/441727 996 $6264$a[S.l.] :$bUTET$9(OLS)http://semarc/publisher/35633 LEADER 00578nas a2200157 i 4500 001 000000022696 003 CaOOAMICUS 005 20180830125445.0 008 180830n xxk u0 und u 040 $aSeMil$bita 245 10$aVariétés sinologiques. New series /$cRicci Institut. 260 $aTaiwan :$bRicci Institute,$c[199?] 300 $av. ;$c23 cm. 710 2 $aInstitut Ricci .$0(OLS)http://semarc/name/10173 996 $6245$aVariétés sinologiques. New series$9(OLS)http://semarc/title/30408 996 $6260$aTaiwan :$bRicci Institute$9(OLS)http://semarc/publisher/35741